បញ្ហាដែលផលិតករដំណាំបន្លែគ្រុយស៊ីហ្វែរជួបប្រទះលើទិដ្ឋភាពបច្ចេកទេស និងសេដ្ឋកិច្ច (Record no. 189)

000 -LEADER
fixed length control field 00640nam a22001577a 4500
003 - CONTROL NUMBER IDENTIFIER
control field OSt
005 - DATE AND TIME OF LATEST TRANSACTION
control field 20150910111404.0
008 - FIXED-LENGTH DATA ELEMENTS--GENERAL INFORMATION
fixed length control field 150910b xxu||||| |||| 00| 0 eng d
040 ## - CATALOGING SOURCE
Transcribing agency RUA
082 ## - DEWEY DECIMAL CLASSIFICATION NUMBER
Classification number AGR ប្រាក់ 1994 B009 Or.1
100 ## - MAIN ENTRY--PERSONAL NAME
9 (RLIN) 209
Personal name ប្រាក់ សេរីវឌ្ឍន៍
245 ## - TITLE STATEMENT
Title បញ្ហាដែលផលិតករដំណាំបន្លែគ្រុយស៊ីហ្វែរជួបប្រទះលើទិដ្ឋភាពបច្ចេកទេស និងសេដ្ឋកិច្ច
260 ## - PUBLICATION, DISTRIBUTION, ETC. (IMPRINT)
Place of publication, distribution, etc. Phonm Penh
Name of publisher, distributor, etc. RUA
Date of publication, distribution, etc. 1994
300 ## - PHYSICAL DESCRIPTION
Extent 96p.
Other physical details ill.
Dimensions 29cm.
942 ## - ADDED ENTRY ELEMENTS (KOHA)
Source of classification or shelving scheme
Koha item type AGR
Holdings
Price effective from Date last seen Permanent Location Not for loan Date acquired Source of classification or shelving scheme Koha item type Barcode Lost status Damaged status Shelving location Withdrawn status Current Location Full call number
2015-09-102015-09-10Library Block B 2015-09-10 AGRRUA004209  B009 Library Block BAGR ប្រាក់ 1994 B009 Or.1
2015-09-102015-09-10Library Block B 2015-09-10 AGRRUA004345  B009 Library Block BAGR ប្រាក់ 1994 B009 Or.2
2015-09-102015-09-10Library Block B 2015-09-10 AGRRUA004419  B009 Library Block BAGR ប្រាក់ 1994 B009 Or.3
2015-09-102015-09-10Library Block B 2015-09-10 AGRRUA005007  B009 Library Block BAGR ប្រាក់ 1994 B009 Or.4
2015-09-102015-09-10Library Block B 2015-09-10 AGRRUA003928  B009 Library Block BAGR ប្រាក់ 1994 B009 Or.5
មជ្ឈមណ្ឌលឯការនៃសាកលវិទ្យាល័យភូមិន្ទកសិកម្មចំការដូង

Powered by Koha